000 00429nam a2200181Ia 4500
001 4511
005 20260306145801.0
008 260306t2021||||xx |||||||||||||| ||spa||
041 _aESP
082 _a323.4450985
_bG317
100 _aGargurevich, Juan
_eAUT
245 0 _aVelasco y la prensa, 1968-1975
260 _c2021
300 _a247 páginas :
_c17 cm.
650 _aGEN
654 _aCHU
942 _cLIB
_dJUS
_fJUS
_2ddc
_n
999 _c4511
_d4511